Asociación nacional de la propiedad inmueble (Record no. 117134)

MARC details
000 -LEADER
campo de control de longitud fija 00701nam a2200169 4500
001 - NÚMERO DE CONTROL
campo de control 117134
003 - IDENTIFICADOR DE NÚMERO DE CONTROL
campo de control ES-MaACL
005 - FECHA Y HORA DE LA ÚLTIMA TRANSACCIÓN
campo de control 20230906190832.0
007 - CAMPO FIJO DE DESCRIPCIÓN FÍSICA--INFORMACIÓN GENERAL
campo de control de longitud fija t|
008 - DATOS DE LONGITUD FIJA--INFORMACIÓN GENERAL
campo de control de longitud fija 071121s1927 sp r ||||1| spa d
100 1# - ENTRADA PRINCIPAL--NOMBRE DE PERSONA
Nombre de persona Peña, Luis de la.
9 (RLIN) 90234
245 10 - MENCIÓN DEL TÍTULO
Título Asociación nacional de la propiedad inmueble
Resto del título : escrito presentado en la información abierta en el Ministerio de Hacienda sobre el proyecto de la ley del 17 noviembre 1926 estableciendo al impuesto sobre rentas y ganancias /
Mención de responsabilidad, etc. Luis de la Peña, Jesús Cánovas del Castillo.
260 ## - PUBLICACIÓN, DISTRIBUCIÓN, ETC.
Lugar de publicación, distribución, etc. Madrid :
Nombre del editor, distribuidor, etc. Rivadeneyra,
Fecha de publicación, distribución, etc. 1927.
300 ## - DESCRIPCIÓN FÍSICA
Extensión 22 p. ;
Dimensiones 19 cm.
700 1# - ENTRADA AGREGADA--NOMBRE PERSONAL
Nombre de persona Cánovas del Castillo, Jesús.
9 (RLIN) 34604
852 ## - LOCALIZACIÓN
Ubicación ES-MaACL
Número de control de estantería 1735-F-11
Holdings
Estatus retirado Estado de pérdida Estado de daño No para préstamo Colección Biblioteca de origen Biblioteca actual Ubicación en estantería Fecha de adquisición Fuente de adquisición Total de préstamos Signatura topográfica completa Código de barras Visto por última vez Precio de reemplazo Tipo de ítem Koha
        Colección de folletos Biblioteca del Ateneo de Madrid Biblioteca del Ateneo de Madrid Depósito folletos 17/01/2008     1735-F-11 1122125 23/02/2023 23/02/2023 Folleto